Kargil Past Perfect,Future Uncertain?/ (Record no. 166732)

MARC details
000 -LEADER
fixed length control field 00657nam a22002057a 4500
005 - DATE AND TIME OF LATEST TRANSACTION
control field 20190807105946.0
010 ## - LCCN (DPL NO)
LC control number ENG-126137
020 ## - INTERNATIONAL STANDARD BOOK NUMBER
Terms of availability 880.00
International Standard Book Number 978-93-89137-13-2
035 ## - SYSTEM CONTROL NUMBER
System control number EN-109669
037 ## - SOURCE OF ACQUISITION
Source of stock number/acquisition DBAD/PUB
082 ## - DEWEY DECIMAL CLASSIFICATION NUMBER
Classification number 335.02
100 ## - MAIN ENTRY--PERSONAL NAME
Personal name Chadha, Vivek
245 ## - TITLE STATEMENT
Title Kargil Past Perfect,Future Uncertain?/
Statement of responsibility, etc byVivek Chadha
260 ## - PUBLICATION, DISTRIBUTION, ETC. (IMPRINT)
Name of publisher, distributor, etc KW Publishers Pvt Ltd
Place of publication, distribution, etc New Delhi
Date of publication, distribution, etc 2019
270 ## - ADDRESS
City New Delhi
Address 4647/21,First Floor Ansari Road Daryaganj,
Postal code 110002
Electronic mail address kw@kwpub.com
Telephone number +91123263498/43528107
300 ## - PHYSICAL DESCRIPTION
Extent xi222p.
Dimensions 22cm(hb)
500 ## - GENERAL NOTE
General note it includes index
700 ## - ADDED ENTRY--PERSONAL NAME
Personal name Vivek Chadha
942 ## - ADDED ENTRY ELEMENTS (KOHA)
Source of classification or shelving scheme Dewey Decimal Classification
Item type English Books
Classification part 355.02
Call number suffix CHA
Holdings
Withdrawn status Lost status Not for loan Collection code Home library Current library Date acquired Source of acquisition Cost, normal purchase price Full call number Barcode Copy number Cost, replacement price Koha item type
      Non-fiction Andrews Gunj Andrews Gunj 07/08/2019 DBAD/PUB 880.00 355.02 CHA EN-109669 1 880.00 English Books

© Delhi Public Library
Hit Counter
free hit counter